Estatísticas para Pessoas em imagens com Barack Obama

Clique aqui para jogar o quiz

Estatísticas Gerais

  • Esse quiz foi jogado 85 vezes
  • A pontuação média é 7 de 20

Estatísticas das Respostas

Resposta% Correto
Vladimir Putin
97%
Papa Francisco
85%
Shakira
74%
Joe Biden
71%
Angela Merkel
63%
Hillary Clinton
63%
Dalai Lama
60%
Justin Timberlake
43%
Stephen Curry
42%
Justin Trudeau
26%
Nicolas Sarkozy
24%
Benjamin Netanyahu
17%
David Cameron
15%
John McCain
10%
Betty White
6%
Mitt Romney
6%
David Letterman
4%
John Kerry
4%
John Glenn
0%
Sonia Sotomayor
0%

Distribuição das Pontuações

Percentil de Números Respondidos

Porcentagem de Pessoas com Cada Pontuação

Sua Pontuação Histórica

Você não jogou esse quiz